000 00654nam a2200169 4500
999 _c17412
_d17412
008 221012b ||||| |||| 00| 0 eng d
020 _a9786214182169
082 _22021
_aDFil 364.36
_bB144
100 _aBadua, Jonah B.
_95985
245 _aJuvenile delinquency and juvenile justice system :
_ba research-based textbook with new normal approach /
_cJonah B. Badua.
260 _aQuezon City :
_bWiseman's Book Trading, Inc.,
_c2021.
300 _avii, 151 pages :
_billustrations ;
_c22 cm.
500 _aIncludes bibliographical references.
650 _aJuvenile delinquency.
_946337
650 _aJuvenile justice system.
_945112
942 _2ddc
_cDFIL